000 00402nam a2200157Ia 4500
008 230711s9999||||xx |||||||||||||| ||und||
041 _aENG
082 _a20
_bSI-T
100 _aSingh,Sukhbir
245 0 _aTwenty five years of library science writing
250 _a1st
260 _c1992
_aNew Delhi
_bEss Ess Publication
300 _a130
650 _aLibrary and Information Science
942 _cBK
999 _c3451
_d3451